[Jujutsu Kaisen] Extensions du territoire en VF - Statistiques

Statistiques générales
  • Ce quiz a été pris 392 fois
    390 depuis la dernière actualisation
  • Le résultat moyen est 6 sur 9
Statistiques - réponses
Nom en VF Utilisateur % Correct
Sphère de l'Espace Infini Satoru Gojo
95%
Autel Démoniaque Sukuna
93%
Cercueil Volcanique Jogo
92%
Jardin des Ombres Megumi Fushiguro
90%
Peine Capitale Hiroshi Higuruma
71%
Orbe d'Isolement Mahito
69%
Océan de Verdure Hanami
52%
Horizon de l'Immensité Dagon
43%
Innomé (Cimetière) Vieille Dame de la Variole
6%
Aucun quiz correspondant
Distribution des résultats
% des personnes avec chaque résultat
Percentile par nombre de réponses
Votre historique - résultats
Vous n’avez pas pris ce quiz depuis la dernière actualisation